| 000 | 01066 a2200217 4500 | ||
|---|---|---|---|
| 020 | _a0226458075 | ||
| 020 | _a0226458083 | ||
| 040 |
_aDLC _bDLC |
||
| 082 | 0 | 0 | _a501 |
| 100 | 1 | _aKuhn, Thomas S. | |
| 245 | 1 | 4 |
_aThe structure of scientific revolutions _cThomas S. Kuhn. |
| 250 | _a3rd ed. | ||
| 260 |
_aChicago [Ill.] : _bUniversity of Chicago Press, _c1996. |
||
| 300 |
_axiv, 212 p. ; _c22 cm. |
||
| 505 | 0 | _aIntroduction: a role for history -- The route to normal science -- The nature of normal science -- Normal science as puzzle-solving -- The priority of paradigms -- Anomaly and the emergence of scientific discoveries --Crisis and the emergence of scientific theories -- The response to crisis --The nature and necessity of scientific revolutions -- Revolutions as changes of world view -- The invisibility of revolutions -- The resolutions of revolutions-- Progress through revolutions. | |
| 650 | 0 |
_aScience _xPhilosophy. |
|
| 650 | 0 |
_aScience _xHistory. |
|
| 650 | 0 |
_aScience _xhistory. |
|
| 650 | 0 |
_aPhilosophy _xhistory. |
|
| 942 |
_cBK _k501 KUH _2ddc |
||
| 999 |
_c7385 _d7385 |
||